Normal view
MARC view
Entry Uniform Title
001 - CONTROL NUMBER
- control field: 3495
003 - CONTROL NUMBER IDENTIFIER
- control field: dpl
005 - DATE AND TIME OF LATEST TRANSACTION
- control field: 20100731150741.0
008 - FIXED-LENGTH DATA ELEMENTS
- fixed length control field: 100731|||a|||||| | ||| d
040 ## - CATALOGING SOURCE
- Original cataloging agency: dpl
- Transcribing agency: dpl
130 ## - HEADING--UNIFORM TITLE
- Uniform title: Oxford in India readings in Sociology and Social Anthropology ; edited by T. N. Madan
670 ## - SOURCE DATA FOUND
- Source citation: Work cat.: (dpl)36956: Sociology and Anthropology of economic life 1 :, 2010
670 ## - SOURCE DATA FOUND
- Source citation: Work cat.: (dpl)36956: Sociology and Anthropology of economic life 1 :, 2010
